Logo BPK

Biblioteka

Politechniki Koszalińskiej

Einführung in die deutsche Literatur des 19. Jahrhunderts. (Rekord nr 50346)

Szczegóły MARC
000 -ETYKIETA REKORDU
podpole kontrolne o stałej długości 00762nam a2200229 i 4500
001 - NUMER KONTROLNY REKORDU
pole kontrolne bgj
020 ## - MIĘDZYNARODOWY ZNORMALIZOWANY NUMER KSIĄŻKI - ISBN
ISBN 3531115316
040 ## - ŹRÓDŁO KATALOGOWANIA
Instytucja, która utworzyła rekord BPK
041 0# - KOD JĘZYKA
Kod języka tekstu ger
920 ## - Międzynarodowy znormalizowany numer książki – ISBN
ISBN 3-531-11531-6
008 - POLE O STAŁEJ DŁUGOŚCI - DANE KONTROLNE
podpole kontrolne o stałej długości s gw f |000 0 ger
100 1# - NAZWA OSOBOWA
Nazwa osobowa JANSEN, Josef.
245 10 - TYTUŁ/ODPOWIEDZIALNOŚĆ
Tytuł Einführung in die deutsche Literatur des 19. Jahrhunderts.
Oznaczenie części/sekcji dzieła B. 1,
Tytuł części/sekcji dzieła Restaurationszeit (1815-1848) /
Pozostałe elementy strefy tytułu i oznaczenia odpowiedzialności Josef Jansen ; Unter Mitarbeit von Jürgen Hein [et al.].
260 ## - STREFA ADRESU WYDAWNICZEGO
Miejsce wydania Opladen :
Nazwa wydawcy/dystrybutora Westdeutscher Verlag,
Data publikacji, dystrybucji/powstania dokumentu 1982.
300 ## - STREFA OPISU FIZYCZNEGO
Objętość 281 S. ;
Rozmiary 19 cm.
490 1# - STREFA SERII I DOKUMENTU WIELOCZĘŚCIOWEGO - FORMA NIE DO WYSZUKIWANIA
Tytuł i oznaczenie odpowiedzialności serii Grundkurs Literaturgeschichte
505 ## - SFORMALIZOWANA UWAGA DOTYCZĄCA ZAWARTOŚCI
Pełny tekst uwagi Register.
650 #9 - HASŁO PRZEDMIOTOWE W FORMIE NAZWY OGÓLNEJ LUB JEDNOSTKOWEJ
Nazwa ogólna lub geograficzna Deutsche Literatur, 1750-1900
Określnik ogólny Literaturgeschichte
Określnik chronologiczny 1750-1900
700 1# - HASŁO DODATKOWE - NAZWA OSOBOWA
Nazwa osobowa HEIN, Jürgen.
830 ## - HASŁO DODATKOWE SERII LUB DOKUMENTU WIELOCZĘŚCIOWEGO - TYTUŁ UJEDNOLICONY
Tytuł ujednolicony Grundkurs Literaturgeschichte
856 ## - LOKALIZACJA I DOSTĘP DO ELEKTRONICZNYCH DOKUMENTÓW ZDALNYCH
Link (URL) http://koha.tu.koszalin.pl/cgi-bin/koha/opac-detail.pl?biblionumber=50346
Tekst linku Katalog online BPK
942 ## - DODATKOWE ELEMENTY (KOHA)
Typ dokumentu Książka
Egzemplarze
Wycofany Status egzemplarza Uszkodzony Dostępność Lokalizacja stała Lokalizacja bieżąca Miejsce przechowywania Sygnatura Kod kreskowy Dział Typ dokumentu
      Tylko na miejscu Biblioteka Politechniki Koszalińskiej Biblioteka Politechniki Koszalińskiej Czytelnia Wydziałowa ul. Kwiatkowskiego 6e N 243 01580358 821.112.2(091) Literatura niemiecka - historia Książka
© 2023 Biblioteka Politechniki Koszalińskiej :: KOHA